000 01280nam a2200361Ia 4500
001 57467
003 CO-BoRNBP
005 20250702171021.0
007 ta
008 121119s 2015ck a 000 f und d
020 _a9789588346182
040 _aCO-BoRNBP
_bspa
_erda
_cCO-BoRNBP
041 0 _aspa
084 _aN REYA -E-BOOK
100 1 _aReyes, Yolanda
_d1959-
245 1 4 _aLos agujeros negros
_cYolanda Reyes ; editor Luis Álvaro Mejia
250 _a1a. edición
264 1 _aBogotá :
_aCúcuta
_bBiblioteca Nacional
_bBiblioteca Pública Departamental Julio Pérez Ferrero
_c2015
300 _a1 recurso en linea : archivo de texto : HTML
336 _atexto
_btxt
_2rdacontent
337 _asin mediación
_bn
_2rdamedia
338 _avolumen
_bnc
_2rdacarrier
490 0 _aBiblioteca Virtual. Lecturas del Gran Santader
490 0 _aLiteratura infantil
500 _aArchivo digital Epub
501 _aLecturas de las regiones
650 0 7 _aDerechos del niño en la literatura
_2LEMB
_960731
650 0 7 _aNiños en la literatura
_2LEMB
_9873
650 0 0 _aNovela infantil colombiana
_ySiglo XXI
_2LEMB
650 0 7 _aLiteratura infantil colombiana
_ySiglo XXI
_2LEMB
_9966
700 _aMejía Arguello, Luis Álvaro
_eeditor
_960732
942 _2loc
_cLIBELEC
999 _c57467
_d57467